Bilecik Bilecik Bilecik Bilecik Bilecik

Kendi kendine İspanyolca ilk adım/ (Record no. 66993)

MARC details
000 -BAŞLIK
Sabit Uzunluktaki Kontrol Alanı 01243nam a22003617a 4500
001 - KONTROL NUMARASI
Control Dosyası 0066554
003 - KONTROL NUMARASI KİMLİĞİ
Kontrol Alanı KOHA_MİRAKIL
005 - EN SON İŞLEM TARİHİ ve ZAMANI
Kontrol Alanı 20260207004645.0
007 - FİZİKSEL TANIM SABİT ALAN - GENEL BİLGİ
Sabit uzunluklu kontrol alanı ta
008 - SABİT UZUNLUKTAKİ VERİ ÖGELERİ - GENEL BİLGİ
Sabit Alan 211202b2017 tu a|||gr||||#0|||1|tur |
020 ## - ISBN - ULUSLARARASI STANDART KİTAP NUMARASI
Isbn 9789754712216
040 ## - KATALOGLAMA KAYNAĞI
Özgün Kataloglama Kurumu TR-BiSEU
Kataloglama Dili tur
Çeviri Kurumu TR-BiSEU
Açıklama Kuralları rda
041 0# - DİL KODU
Metin ya da ses kaydının dil kodu tur
044 ## - YAYINLAYAN/ÜRETEN KURULUŞUN ÜLKE KODU
ISO country code tu
050 ## - SINIFLAMA ve YER NUMARASI
Sınıflama Numarası PC4121
Yer Numarası .O38 2017
245 1# - ESER ADI BİLDİRİMİ
Başlık Kendi kendine İspanyolca ilk adım/
Sorumluluk Bildirimi hazırlayan Kübra Sağlam.
250 ## - BASIM BİLDİRİMİ
Basım Bildirimi 8. Baskı
264 #1 - ÜRERİM, YAYIN, DAĞITIM ve TELİF BİLDİRİMİ
Yayın yeri İstanbul :
Yayınlayan Fono Açıköğretim Kurumu Yayınları
Yayın tarihi 2017
300 ## - FİZİKSEL TANIMLAMA
Sayfa, Cilt vb. 302 pages :
Diğer fiziki detaylar illustrations, tables ;
Boyutları 23 cm.
336 ## - İÇERİK TÜRÜ
Content type term metin
Content type code txt
Source rdacontent
337 ## - MEDYA TÜRÜ
Media type term aracısız
Media type code n
Source rdamedia
338 ## - TAŞIYICI TÜRÜ
Carrier type term cilt
Carrier type code nc
Source rdacarrier
490 1# - DİZİ BİLDİRİMİ
Dizi Bildirimi Fono yayın no ;
Cilt Numarası 426
500 ## - GENEL NOT
Genel Not ''Kendi kendine İspanyolca ilk adım-1''--Cover.
500 ## - GENEL NOT
Genel Not ''İspanyolcayı kolay öğrenmek isteyenler için''--Cover.
500 ## - GENEL NOT
Genel Not In Turkish with parallel text in Spanish.
650 #0 - KONU BAŞLIĞI EK GİRİŞ - KONU TERİMİ
Konusal terim veya coğrafi ad Spanish language--Conversation and phrase books--Turkish.
9 (RLIN) 125840
650 #0 - KONU BAŞLIĞI EK GİRİŞ - KONU TERİMİ
Konusal terim veya coğrafi ad Spanish language--Spoken Spanish.
9 (RLIN) 125841
650 #0 - KONU BAŞLIĞI EK GİRİŞ - KONU TERİMİ
Konusal terim veya coğrafi ad Spanish language--Pronunciation.
9 (RLIN) 125842
830 1# - SERİ EK GİRİŞİ - TEKBİÇİM ESER ADI
Tekbiçim Başlık Fono yayın no ;
Volume number/sequential designation 426
9 (RLIN) 3342
907 ## - LOCAL DATA ELEMENT G, LDG (RLIN)
a Dil ve Edebiyat
942 ## - EK GİRİŞ ÖGELERİ (KOHA)
Source of classification or shelving scheme Library of Congress Classification
Koha item type Book
Holdings
Materyal Türü Kalıcı Konum Mevcut Konum Raf Yeri Sınıflandırma Kaynağı Edinim Bilgisi Ana Konular Alt Konular Yer Numarası Demirbaş Numarası Fatura Tarihi Geri Çekilme Durumu Kayıp Durumu Hasarlı Durumu Kredi için değil Kayıt Tarih Toplam Ödünçverme Son Görülme Tarihi Son Kontrol Tarihi
Book Prof. Dr. Azmi Özcan Kütüphanesi Prof. Dr. Azmi Özcan Kütüphanesi Birûni Salonu Library of Congress Classification Bağış DİL VE EDEBİYAT Roman Dilleri PC4121 .O38 2017 0066554 02/02/2026         02/12/2021 5 27/05/2025 27/05/2025